header

Arab news and conflict (Record no. 46381)

MARC details
000 -LEADER
fixed length control field 01490nam a2200337Ia 4500
082 04 - DEWEY DECIMAL CLASSIFICATION NUMBER
Classification number 956.05/4
100 1# - MAIN ENTRY--AUTHOR NAME
Personal name Bazzi, Samia.
245 10 - TITLE STATEMENT
Title Arab news and conflict
260 ## - PUBLICATION, DISTRIBUTION, ETC. (IMPRINT)
Place of publication Philadelphia ;
-- Amsterdam :
Name of publisher John Benjamins Pub. Company,
Year of publication c2009.
300 ## - PHYSICAL DESCRIPTION
Number of Pages xiv, 222 p.
490 1# - SERIES STATEMENT
Series statement Discourse approaches to politics, society and culture,
650 #0 - SUBJECT ADDED ENTRY--TOPICAL TERM
Topical Term Arab-Israeli conflict
Topical Term Mass media
Topical Term Critical discourse analysis
856 40 - ELECTRONIC LOCATION AND ACCESS
Uniform Resource Identifier http://site.ebrary.com/lib/rucke/Doc?id=10342338

No items available.

© 2026 Rongo University
Contact us: librarian | system librarian | Rongo university